Estudios sobre la conquista de América
Gorde:
| Egile nagusia: | |
|---|---|
| Formatua: | Liburua |
| Hizkuntza: | gaztelania |
| Argitaratua: |
Santiago
Universitaria
1989
|
| Edizioa: | 3a. ed |
| Saila: | Colección el saber y la cultura
|
| Gaiak: | |
| Etiketak: |
Etiketa erantsi
Etiketarik gabe, Izan zaitez lehena erregistro honi etiketa jartzen!
|
MARC
| LEADER | 00000nam a2200000 a 4500 | ||
|---|---|---|---|
| 001 | UCX4030 | ||
| 003 | CL-VaPUC | ||
| 008 | 920312e19890000CL |||||||||||||||||spa|d | ||
| 082 | 0 | 4 | |a 980 |b MEZ |2 21 |
| 100 | |a Meza Villalobos, Néstor |e autor |9 446537 | ||
| 245 | 1 | 0 | |a Estudios sobre la conquista de América |
| 250 | |a 3a. ed | ||
| 300 | |a 181 p | ||
| 942 | |c BK | ||
| 945 | |d 19920312 00:00:00 | ||
| 260 | |a Santiago |b Universitaria |c 1989 | ||
| 650 | 7 | |a DESCRUBRIMIENTO Y EXPLORACIONES 1492-1530 |2 CL-VaPUC |9 320197 | |
| 650 | 7 | |a HISTORIA DESCRUBRIMIENTO Y EXPLORACIONES 1536-1561 |2 CL-VaPUC |9 320198 | |
| 651 | 0 | |a América Latina |9 255027 | |
| 651 | 7 | |a CHILE |2 CL-VaPUC |9 320199 | |
| 583 | |a last modification |c 19920312 00:00:00 |k Rodrigo Vera | ||
| 490 | 0 | |a Colección el saber y la cultura | |
| 999 | |c 224618 |d 224616 | ||
| 952 | |0 0 |1 0 |4 0 |6 980_000000000000000_MEZ_1989 |7 0 |8 A |9 221384 |a BIBEDU |b BIBEDU |d 2019-11-15 |i 2901722 |o 980 MEZ 1989 |p 2901722 |r 2019-11-15 |w 2019-11-15 |y BK |k LIT | ||